Normal view
MARC view
Entry Topical Term
001 - CONTROL NUMBER
- control field: 86256
003 - CONTROL NUMBER IDENTIFIER
- control field: dpl
005 - DATE AND TIME OF LATEST TRANSACTION
- control field: 20260109113733.0
008 - FIXED-LENGTH DATA ELEMENTS
- fixed length control field: 260109|| aca||aabn | a|a d
040 ## - CATALOGING SOURCE
- Original cataloging agency: dpl
- Transcribing agency: dpl
150 ## - HEADING--TOPICAL TERM
- Topical term or geographic name as entry element: Hindi essays
670 ## - SOURCE DATA FOUND
- Source citation: Work cat.: (dpl)214053: शीलवंत सिंह 86254, बी पी एस सी निबंध संकलन :, 2024
